10176na a2201345 450000100060000000300080000600500170001400800410003102000220007202000220009402000220011602000220013802000220016002000220018202000220020402000220022602000220024802000220027002000220029202000220031402000220033602000220035802000210038002000210040102000210042202000210044302000210046402000210048502000210050602000210052702000180054802000210056603500100058704000250059708200260062209000250064824502120067324601450088526000390103030000300106949000400109950001410113950000500128060000670133060000570139761000290145465000310148394200130151495201120152795201070163995201120174695201120185895201120197095201120208295201120219495201120230695201120241895201120253095201130264295201130275595201130286895201130298195201130309495201130320795201130332095201130343395201130354695201130365995201130377295201130388595201130399895201180411195201120422995201170434195201170445895201170457595201170469295201170480995201170492695201170504395201170516095201180527795201180539595201180551395201180563195201180574995201180586795201180598595201180610395201180622195201180633995201060645795201060656395201060666995201060677595201060688195201060698795201060709395201060719995201060730595201080741195201080751995201080762795201080773595201080784395201080795195201080805995201080816795201080827595201080838395201080849195201080859995201080870799900150881513907MIRAKIL20181213154935.0160821b tu 000 0  a9758563408 (c.23) a9758563394 (c.22) a9758563289 (c.21) a9758563335 (c.20) a9758563327 (c.19) a9758563319 (c.18) a9758563300 (c.17) a9758563297 (c.16) a9758563289 (c.15) a9758563270 (c.14) a9758563262 (c.13) a9758563254 (c.12) a9758563246 (c.11) a9758563238 (c.10) a975856322x (c.9) a9758563211 (c.8) a9758563203 (c.7) a975856319x (c.6) a9758563181 (c.5) a9758563173 (c.4) a9758563165 (c.3) a9758563157 (c.2) a8563130 (tk.) a9758563149 (c.1) a13907 aMilasbturcTR-AnCHP aATA 923.156bA54 2001 aATA 923.156 A54 2001 aAnıtkabir özel defterib(1953'ten günümüze Anıtkabir'i ziyaret eden yerli ve yabancı heyet başkanlarının Atatürk hakkındaki duygu ve düşünceleri)cyayın koordinatörü Recep Cengiz a1953'ten günümüze Anıtkabir'i ziyaret eden yerli ve yabancı heyet başkanlarının Atatürk hakkındaki duygu ve düşünceleri aAnkarabAnıtkabir Derneğic2001 a23 c.btıpkıbs.c30 sm. aAnıtkabir Derneği Yayınlarıv2 aMetin Türkçe, İngilizce, Almanca, Fransızca, İtalyanca, İspanyolca, Japonca, Balkan dilleri, Rusça, Bulgarca ya da Arapça a21. c. Anıtkabir özel defteri fihristidir. aAtatürk, Mustafa Kemald1881-1938xDuygu ve düşünceler aAtatürk, Mustafa Kemald1881-1938xAnma kitapları aAnıtkabirxOnur defteri aAnıt mezarlarxAnıtkabir 2dcccBKS a0001b0001d2016-08-21e2hc.4l0oATA 923.156 A54 2001p000227r2016-08-21 00:00:00v0.00w2016-08-21yBKS a0001b0001d2016-08-21e2l0oATA 923.156 A54 2001p000228r2016-08-21 00:00:00v0.00w2016-08-21yBKS a0001b0001d2016-08-21e2hc.2l0oATA 923.156 A54 2001p000229r2016-08-21 00:00:00v0.00w2016-08-21yBKS a0001b0001d2016-08-21e2hc.3l0oATA 923.156 A54 2001p000230r2016-08-21 00:00:00v0.00w2016-08-21yBKS a0001b0001d2016-08-21e2hc.4l0oATA 923.156 A54 2001p000231r2016-08-21 00:00:00v0.00w2016-08-21yBKS a0001b0001d2016-08-21e2hc.5l0oATA 923.156 A54 2001p000232r2016-08-21 00:00:00v0.00w2016-08-21yBKS a0001b0001d2016-08-21e2hc.6l0oATA 923.156 A54 2001p000233r2016-08-21 00:00:00v0.00w2016-08-21yBKS a0001b0001d2016-08-21e2hc.7l0oATA 923.156 A54 2001p000234r2016-08-21 00:00:00v0.00w2016-08-21yBKS a0001b0001d2016-08-21e2hc.8l0oATA 923.156 A54 2001p000235r2016-08-21 00:00:00v0.00w2016-08-21yBKS a0001b0001d2016-08-21e2hc.9l0oATA 923.156 A54 2001p000236r2016-08-21 00:00:00v0.00w2016-08-21yBKS a0001b0001d2016-08-21e2hc.10l0oATA 923.156 A54 2001p000237r2016-08-21 00:00:00v0.00w2016-08-21yBKS a0001b0001d2016-08-21e2hc.11l0oATA 923.156 A54 2001p000238r2016-08-21 00:00:00v0.00w2016-08-21yBKS a0001b0001d2016-08-21e2hc.12l0oATA 923.156 A54 2001p000239r2016-08-21 00:00:00v0.00w2016-08-21yBKS a0001b0001d2016-08-21e2hc.13l0oATA 923.156 A54 2001p000240r2016-08-21 00:00:00v0.00w2016-08-21yBKS a0001b0001d2016-08-21e2hc.14l0oATA 923.156 A54 2001p000241r2016-08-21 00:00:00v0.00w2016-08-21yBKS a0001b0001d2016-08-21e2hc.15l0oATA 923.156 A54 2001p000242r2016-08-21 00:00:00v0.00w2016-08-21yBKS a0001b0001d2016-08-21e2hc.16l0oATA 923.156 A54 2001p000243r2016-08-21 00:00:00v0.00w2016-08-21yBKS a0001b0001d2016-08-21e2hc.17l0oATA 923.156 A54 2001p000244r2016-08-21 00:00:00v0.00w2016-08-21yBKS a0001b0001d2016-08-21e2hc.18l0oATA 923.156 A54 2001p000245r2016-08-21 00:00:00v0.00w2016-08-21yBKS a0001b0001d2016-08-21e2hc.19l0oATA 923.156 A54 2001p000246r2016-08-21 00:00:00v0.00w2016-08-21yBKS a0001b0001d2016-08-21e2hc.20l0oATA 923.156 A54 2001p000247r2016-08-21 00:00:00v0.00w2016-08-21yBKS a0001b0001d2016-08-21e2hc.21l0oATA 923.156 A54 2001p000248r2016-08-21 00:00:00v0.00w2016-08-21yBKS a0001b0001d2016-08-21e2hc.22l0oATA 923.156 A54 2001p000249r2016-08-21 00:00:00v0.00w2016-08-21yBKS a0001b0001d2016-09-17e2hc.23l0oATA 923.156 A54 2001p006013r2016-09-17 00:00:00tk.2v0.00w2016-09-17yBKS a0001b0001d2016-09-17e2l0oATA 923.156 A54 2001p006014r2016-09-17 00:00:00tk.2v0.00w2016-09-17yBKS a0001b0001d2016-09-17e2hc.2l0oATA 923.156 A54 2001p006015r2016-09-17 00:00:00tk.2v0.00w2016-09-17yBKS a0001b0001d2016-09-17e2hc.3l0oATA 923.156 A54 2001p006016r2016-09-17 00:00:00tk.2v0.00w2016-09-17yBKS a0001b0001d2016-09-17e2hc.4l0oATA 923.156 A54 2001p006017r2016-09-17 00:00:00tk.2v0.00w2016-09-17yBKS a0001b0001d2016-09-17e2hc.5l0oATA 923.156 A54 2001p006018r2016-09-17 00:00:00tk.2v0.00w2016-09-17yBKS a0001b0001d2016-09-17e2hc.6l0oATA 923.156 A54 2001p006019r2016-09-17 00:00:00tk.2v0.00w2016-09-17yBKS a0001b0001d2016-09-17e2hc.7l0oATA 923.156 A54 2001p006020r2016-09-17 00:00:00tk.2v0.00w2016-09-17yBKS a0001b0001d2016-09-17e2hc.8l0oATA 923.156 A54 2001p006021r2016-09-17 00:00:00tk.2v0.00w2016-09-17yBKS a0001b0001d2016-09-17e2hc.9l0oATA 923.156 A54 2001p006022r2016-09-17 00:00:00tk.2v0.00w2016-09-17yBKS a0001b0001d2016-09-17e2hc.10l0oATA 923.156 A54 2001p006023r2016-09-17 00:00:00tk.2v0.00w2016-09-17yBKS a0001b0001d2016-09-17e2hc.11l0oATA 923.156 A54 2001p006024r2016-09-17 00:00:00tk.2v0.00w2016-09-17yBKS a0001b0001d2016-09-17e2hc.12l0oATA 923.156 A54 2001p006025r2016-09-17 00:00:00tk.2v0.00w2016-09-17yBKS a0001b0001d2016-09-17e2hc.13l0oATA 923.156 A54 2001p006026r2016-09-17 00:00:00tk.2v0.00w2016-09-17yBKS a0001b0001d2016-09-17e2hc.14l0oATA 923.156 A54 2001p006027r2016-09-17 00:00:00tk.2v0.00w2016-09-17yBKS a0001b0001d2016-09-17e2hc.15l0oATA 923.156 A54 2001p006028r2016-09-17 00:00:00tk.2v0.00w2016-09-17yBKS a0001b0001d2016-09-17e2hc.16l0oATA 923.156 A54 2001p006029r2016-09-17 00:00:00tk.2v0.00w2016-09-17yBKS a0001b0001d2016-09-17e2hc.17l0oATA 923.156 A54 2001p006030r2016-09-17 00:00:00tk.2v0.00w2016-09-17yBKS a0001b0001d2016-09-17e2hc.18l0oATA 923.156 A54 2001p006031r2016-09-17 00:00:00tk.2v0.00w2016-09-17yBKS a0001b0001d2016-09-17e2hc.19l0oATA 923.156 A54 2001p006032r2016-09-17 00:00:00tk.2v0.00w2016-09-17yBKS a0002b0002d2024-02-27hc.1l0oATA 923.156 A54 2001 c.1p21277r2024-02-27 00:00:00w2024-02-27yBKS a0002b0002d2024-02-27hc.2l0oATA 923.156 A54 2001 c.2p21278r2024-02-27 00:00:00w2024-02-27yBKS a0002b0002d2024-02-27hc.3l0oATA 923.156 A54 2001 c.3p21279r2024-02-27 00:00:00w2024-02-27yBKS a0002b0002d2024-02-27hc.4l0oATA 923.156 A54 2001 c.4p21280r2024-02-27 00:00:00w2024-02-27yBKS a0002b0002d2024-02-27hc.5l0oATA 923.156 A54 2001 c.5p21281r2024-02-27 00:00:00w2024-02-27yBKS a0002b0002d2024-02-27hc.6l0oATA 923.156 A54 2001 c.6p21282r2024-02-27 00:00:00w2024-02-27yBKS a0002b0002d2024-02-27hc.7l0oATA 923.156 A54 2001 c.7p21283r2024-02-27 00:00:00w2024-02-27yBKS a0002b0002d2024-02-27hc.8l0oATA 923.156 A54 2001 c.8p21284r2024-02-27 00:00:00w2024-02-27yBKS a0002b0002d2024-02-27hc.9l0oATA 923.156 A54 2001 c.9p21285r2024-02-27 00:00:00w2024-02-27yBKS a0002b0002d2024-02-27hc.10l0oATA 923.156 A54 2001 c.10p21286r2024-02-27 00:00:00w2024-02-27yBKS a0002b0002d2024-02-27hc.12l0oATA 923.156 A54 2001 c.12p21287r2024-02-27 00:00:00w2024-02-27yBKS a0002b0002d2024-02-27hc.13l0oATA 923.156 A54 2001 c.13p21288r2024-02-27 00:00:00w2024-02-27yBKS a0002b0002d2024-02-27hc.14l0oATA 923.156 A54 2001 c.14p21289r2024-02-27 00:00:00w2024-02-27yBKS a0002b0002d2024-02-27hc.15l0oATA 923.156 A54 2001 c.15p21290r2024-02-27 00:00:00w2024-02-27yBKS a0002b0002d2024-02-27hc.16l0oATA 923.156 A54 2001 c.16p21291r2024-02-27 00:00:00w2024-02-27yBKS a0002b0002d2024-02-27hc.17l0oATA 923.156 A54 2001 c.17p21292r2024-02-27 00:00:00w2024-02-27yBKS a0002b0002d2024-02-27hc.18l0oATA 923.156 A54 2001 c.18p21293r2024-02-27 00:00:00w2024-02-27yBKS a0002b0002d2024-02-27hc.19l0oATA 923.156 A54 2001 c.19p21294r2024-02-27 00:00:00w2024-02-27yBKS a0002b0002d2024-02-27hc.20l0oATA 923.156 A54 2001 c.20p21295r2024-02-27 00:00:00w2024-02-27yBKS a0002b0002d2024-02-27hc.21l0oATA 923.156 A54 2001 c.21p21296r2024-02-27 00:00:00w2024-02-27yBKS a0002b0002d2024-02-27hc.22l0oATA 923.156 A54 2001 c.22p21297r2024-02-27 00:00:00w2024-02-27yBKS a0002b0002d2024-02-27hc.23l0oATA 923.156 A54 2001 c.23p21298r2024-02-27 00:00:00w2024-02-27yBKS c3533d3533